000 00332nam a2200145Ia 4500
008 191201s2006 xx 000 0 und d
082 _a658.8
_bKOP
100 _aKotler, P
245 0 _aPrinciple of Marketing
250 _a11th
260 _aN.Delhi
_bPrentice Hall
_c2006
300 _a1-20
650 _aMBA
942 _2ddc
_cBK
_01
999 _c2660
_d2660